CS:GO - All S-Tier Tournaments in 2017 - Statistics

General Stats
  • This quiz has been taken 3 times
  • The average score is 126 of 160
Answer Stats
Hint Answer % Correct
AdreN
100%
apEX
100%
3-4th Astralis
100%
autimatic
100%
BIG
100%
bodyy
100%
boltz
100%
byali
100%
cajunb
100%
chrisJ
100%
Cloud9
100%
coldzera
100%
dennis
100%
device
100%
disco doplan
100%
Dosia
100%
dupreeh
100%
Edward
100%
electroNic
100%
EliGE
100%
1st Envy
100%
f0rest
100%
FalleN
100%
FaZe
100%
felps
100%
fer
100%
flamie
100%
flusha
100%
fnatic
100%
fnx
100%
fox
100%
G2
100%
Gambit
100%
GeT_RiGhT
100%
gla1ve
100%
Golden
100%
GuardiaN
100%
HEN1
100%
HEROIC
100%
HObbit
100%
Immortals
100%
jks
100%
JW
100%
k0nfig
100%
karrigan
100%
kennyS
100%
2nd Kinguin
100%
kioShiMa
100%
Kjaerbye
100%
KRIMZ
100%
Liquid
100%
Magisk
100%
MAJ3R
100%
MICHU
100%
mou
100%
mouz
100%
MOUZ
100%
MSL
100%
n0thing
100%
NAF
100%
Natus Vincere
100%
NBK-
100%
NEO
100%
ngiN
100%
NiKo
100%
niko
100%
Ninjas in Pyjamas
100%
nitr0
100%
North
100%
olofmeister
100%
OpTic
100%
oskar
100%
pashaBiceps
100%
rain
100%
rallen
100%
Renegades
100%
Rickeh
100%
ropz
100%
RpK
100%
RUSH
100%
s1mple
100%
ScreaM
100%
seized
100%
shox
100%
shroud
100%
SK
100%
Skadoodle
100%
Snax
100%
4th Space Soldiers
100%
stanislaw
100%
Stewie2K
100%
TACO
100%
tarik
100%
TaZ
100%
twist
100%
Twistzz
100%
valde
100%
3rd Virtus.pro
100%
XANTARES
100%
Xizt
100%
Xyp9x
100%
Zeus
100%
aizy
50%
allu
50%
amanek
50%
ANGE1
50%
AZR
50%
bondik
50%
CLG
50%
DeadFox
50%
denis
50%
DESPE
50%
devoduvek
50%
draken
50%
es3tag
50%
Ethan
50%
FNS
50%
friberg
50%
Furlan
50%
gob b
50%
Happy
50%
hazed
50%
HellRaisers
50%
jasonR
50%
jdm64
50%
JUGi
50%
kNgV-
50%
koosta
50%
loWel
50%
LUCAS1
50%
Misfits
50%
mixwell
50%
MODDII
50%
Nifty
50%
paz
50%
reltuC
50%
REZ
50%
RUBINO
50%
seang@res
50%
ShahZaM
50%
SicK
50%
SIXER
50%
Snappi
50%
steel
50%
STYKO
50%
swag
50%
SZPERO
50%
tabseN
50%
Zero
50%
fejtZ
0%
fitch
0%
HS
0%
ISSAA
0%
keev
0%
LEGIJA
0%
Lekr0
0%
nex
0%
suNny
0%
USTILO
0%
xms
0%
No matching quizzes found
Score Distribution
Percent of People with Each Score
Percentile by Number Answered
Your Score History
You have not taken this quiz